[Event "XIV American Continental-ch 2019"]
[Site "Sao Paulo"]
[Date "2019.07.09"]
[Round "6.18"]
[White "Vazquez, Guillermo"]
[Black "Martins, Carlos"]
[Result "1-0"]
[WhiteElo "2483"]
[BlackElo "2238"]
[Annotator "ChessBase"]
[PlyCount "55"]
[EventDate "2019.07.05"]
[EventType "swiss"]
[EventCountry "BRA"]
[SourceTitle "playchess.com"]
[Source "ChessBase"]
[SourceQuality "1"]
[TimeControl "40/5400+30:1800+30"]

1. e4 {[%emt 0:00:00]} e5 {[%emt 0:00:01]} 2. Nf3 {[%emt 0:00:00]} Nc6 {[%emt 0:00:05]} 3. Bb5 {[%emt 0:00:59]} a6 {[%emt 0:00:09]} 4. Ba4 {[%emt 0:00:07]} Nf6 {[%emt 0:00:07]} 5. O-O {[%emt 0:01:19]} Be7 {[%emt 0:00:49]} 6. d3 {[%emt 0:02:13]} b5 {[%emt 0:02:44]} 7. Bb3 {[%emt 0:00:04]} O-O {[%emt 0:00:35]} 8. Nc3 {[%emt 0:02:54]} d6 {[%emt 0:01:44]} 9. a4 {[%emt 0:04:07]} b4 {[%emt 0:09:05]} 10. Nd5 {[%emt 0:03:36]} Bg4 {[%emt 0:02:46]} 11. Be3 {[%emt 0:07:21]} a5 {[%emt 0:05:44]} 12. c3 {[%emt 0:08:19]} bxc3 {[%emt 0:01:23]} 13. bxc3 {[%emt 0:00:14]} h6 {[%emt 0:17:05]} 14. h3 {[%emt 0:05:00]} Be6 {[%emt 0:01:04]} 15. Nd2 {[%emt 0:05:03]} Bxd5 {[%emt 0:11:19]} 16. exd5 {[%emt 0:00:53]} Nb8 {[%emt 0:00:20]} 17. d4 {[%emt 0:03:53]} Nbd7 {[%emt 0:02:53]} 18. Re1 {[%emt 0:01:46]} Re8 {[%emt 0:01:29]} 19. c4 {[%emt 0:05:32]} Bf8 {[%emt 0:11:32]} 20. Bc2 {[%emt 0:01:56]} exd4 {[%emt 0:06:51]} 21. Bxd4 {[%emt 0:00:17]} Rxe1+ {[%emt 0:00:20]} 22. Qxe1 {[%emt 0:00:03]} g6 {[%emt 0:00:39]} 23. Nb3 {[%emt 0:06:31]} Nh5 {[%emt 0:09:26]} 24. Qe3 {[%emt 0:09:30]} Bg7 {[%emt 0:03:55]} 25. g4 {[%emt 0:04:00]} Nhf6 {[%emt 0:02:54]} 26. Qc3 {[%emt 0:04:53]} Nb6 {[%emt 0:00:09]} 27. Kf1 {[%emt 0:02:41]} Qf8 {[%emt 0:02:27]} 28. Bxf6 {[%emt 0:00:46]} 1-0

[Event "XIV American Continental-ch 2019"]
[Site "Sao Paulo"]
[Date "2019.07.09"]
[Round "6.19"]
[White "Filgueiras, Nathan Felipe"]
[Black "Santiago, Yago De Moura"]
[Result "0-1"]
[WhiteElo "2259"]
[BlackElo "2473"]
[Annotator "ChessBase"]
[PlyCount "74"]
[EventDate "2019.07.05"]
[EventType "swiss"]
[EventCountry "BRA"]
[SourceTitle "playchess.com"]
[Source "ChessBase"]
[SourceQuality "1"]
[TimeControl "40/5400+30:1800+30"]

1. e4 d6 2. d4 {[%emt 0:00:03]} Nf6 {[%emt 0:09:39]} 3. Nc3 {[%emt 0:00:30]} g6 {[%emt 0:00:30]} 4. f4 {[%emt 0:00:30]} Bg7 {[%emt 0:00:30]} 5. Nf3 {[%emt 0:00:27]} O-O {[%emt 0:01:20]} 6. e5 {[%emt 0:19:34]} dxe5 {[%emt 0:00:00]} 7. fxe5 {[%emt 0:00:11]} Nd5 {[%emt 0:00:00]} 8. Bc4 {[%emt 0:02:21]} Nxc3 {[%emt 0:00:00]} 9. bxc3 {[%emt 0:00:04]} c5 {[%emt 0:00:00]} 10. O-O {[%emt 0:02:26]} Nc6 {[%emt 0:00:00]} 11. Ng5 {[%emt 0:11:48]} e6 {[%emt 0:03:01]} 12. Be3 {[%emt 0:05:36]} Qc7 {[%emt 0:13:52]} 13. Qe2 {[%emt 0:02:39]} Ne7 {[%emt 0:06:40]} 14. Ne4 {[%emt 0:07:36]} Nf5 {[%emt 0:00:57]} 15. Bf2 {[%emt 0:01:35]} cxd4 {[%emt 0:09:40]} 16. cxd4 {[%emt 0:00:25]} h5 {[%emt 0:00:09]} 17. Bd3 {[%emt 0:06:07]} b6 {[%emt 0:03:57]} 18. h3 {[%emt 0:08:17]} Rd8 {[%emt 0:06:04]} 19. c3 {[%emt 0:01:50]} h4 {[%emt 0:04:27]} 20. Qg4 {[%emt 0:03:43]} Bb7 {[%emt 0:01:57]} 21. Bxh4 {[%emt 0:02:35]} Bxe4 {[%emt 0:00:27]} 22. Bxe4 {[%emt 0:04:48]} Qxc3 {[%emt 0:00:52]} 23. Bxa8 {[%emt 0:00:57]} Rxd4 {[%emt 0:08:48]} 24. Rac1 {[%emt 0:02:38]} Qb4 {[%emt 0:00:11]} 25. Qf3 {[%emt 0:00:59]} Rxh4 {[%emt 0:00:18]} 26. g4 {[%emt 0:03:00]} Qd4+ {[%emt 0:08:33]} 27. Rf2 {[%emt 0:01:50]} Nh6 {[%emt 0:00:24]} 28. Qg3 {[%emt 0:05:03]} g5 {[%emt 0:00:06]} 29. Rc8+ {[%emt 0:01:38]} Kh7 {[%emt 0:00:11]} 30. Qf3 {[%emt 0:01:43]} Bxe5 {[%emt 0:00:22]} 31. Be4+ {[%emt 0:00:41]} Kg7 {[%emt 0:00:32]} 32. Bc2 {[%emt 0:01:52]} Bf4 {[%emt 0:01:22]} 33. Kg2 {[%emt 0:01:37]} Ng8 {[%emt 0:00:40]} 34. Qa8 {[%emt 0:00:57]} Nf6 {[%emt 0:00:11]} 35. Rd8 {[%emt 0:00:39]} Qc3 {[%emt 0:01:47]} 36. Rd3 {[%emt 0:00:24]} Qc5 {[%emt 0:00:27]} 37. Qxa7 {[%emt 0:00:48]} Nxg4 {[%emt 0:00:48]} 0-1

[Event "XIV American Continental-ch 2019"]
[Site "Sao Paulo"]
[Date "2019.07.09"]
[Round "6.20"]
[White "Donoso Diaz, Sebastian"]
[Black "Garcia Cardenas, Pablo"]
[Result "1/2-1/2"]
[WhiteElo "2239"]
[BlackElo "2443"]
[Annotator "NA"]
[PlyCount "73"]
[EventDate "2019.07.05"]
[EventType "swiss"]
[EventCountry "BRA"]
[SourceTitle "playchess.com"]
[Source "ChessBase"]
[SourceQuality "1"]
[TimeControl "40/5400+30:1800+30"]

1. Nf3 d5 2. e3 Nf6 3. c4 e6 {[%emt 0:00:25]} 4. Nc3 {[%emt 0:02:52]} g6 {[%emt 0:00:30]} 5. cxd5 {[%emt 0:00:30]} exd5 {[%emt 0:00:30]} 6. h3 {[%emt 0:00:30]} Bg7 {[%emt 0:00:30]} 7. d4 {[%emt 0:00:30]} O-O {[%emt 0:00:30]} 8. Bd3 {[%emt 0:00:30]} Nc6 {[%emt 0:00:30]} 9. O-O {[%emt 0:00:30]} Bf5 {[%emt 0:00:30]} 10. Bxf5 {[%emt 0:00:30]} gxf5 {[%emt 0:00:30]} 11. Ne1 {[%emt 0:31:06]} Rc8 {[%emt 0:10:33]} 12. Nd3 {[%emt 0:01:24]} Na5 {[%emt 0:07:55]} 13. Bd2 {[%emt 0:03:53]} Nc4 {[%emt 0:00:14]} 14. b3 {[%emt 0:04:52]} Nxd2 {[%emt 0:03:27]} 15. Qxd2 {[%emt 0:00:05]} Ne4 {[%emt 0:20:14]} 16. Nxe4 {[%emt 0:00:27]} dxe4 {[%emt 0:00:19]} 17. Nf4 {[%emt 0:13:06]} c5 {[%emt 0:02:02]} 18. Nh5 {[%emt 0:02:53]} Rc6 {[%emt 0:11:40]} 19. Rad1 {[%emt 0:12:25]} Rd6 {[%emt 0:02:19]} 20. d5 {[%emt 0:02:40]} Qd7 {[%emt 0:11:41]} 21. f3 {[%emt 0:03:45]} Rd8 {[%emt 0:12:44]} 22. fxe4 fxe4 {[%emt 0:00:02]} 23. Qf2 {[%emt 0:01:26]} Rg6 {[%emt 0:00:42]} 24. Ng3 {[%emt 0:01:33]} f5 {[%emt 0:01:27]} 25. Nxf5 {[%emt 0:01:48]} Rf8 {[%emt 0:00:05]} 26. d6 {[%emt 0:01:36]} Kh8 {[%emt 0:02:24]} 27. Qh4 {[%emt 0:06:36]} Rxf5 {[%emt 0:01:17]} 28. Rxf5 {[%emt 0:00:05]} Qxf5 {[%emt 0:00:04]} 29. Qd8+ {[%emt 0:00:25]} Qf8 {[%emt 0:01:05]} 30. Qxf8+ {[%emt 0:00:43]} Bxf8 {[%emt 0:00:01]} 31. d7 {[%emt 0:00:06]} Be7 {[%emt 0:00:03]} 32. d8=Q+ {[%emt 0:00:13]} Bxd8 {[%emt 0:00:04]} 33. Rxd8+ {[%emt 0:00:06]} Kg7 {[%emt 0:01:13]} 34. Rd7+ {[%emt 0:00:09]} Kh6 {[%emt 0:00:07]} 35. Rxb7 {[%emt 0:00:06]} Ra6 {[%emt 0:00:09]} 36. a4 {[%emt 0:00:09]} Rc6 {[%emt 0:00:12]} 37. b4 {[%emt 0:03:35]} 1/2-1/2

[Event "XIV American Continental-ch 2019"]
[Site "Sao Paulo"]
[Date "2019.07.09"]
[Round "6.21"]
[White "Pereira, Silvio Cunha"]
[Black "Sanchez Alvarez, Roberto Carlos"]
[Result "1/2-1/2"]
[WhiteElo "2220"]
[BlackElo "2434"]
[Annotator "NA"]
[PlyCount "111"]
[EventDate "2019.07.05"]
[EventType "swiss"]
[EventCountry "BRA"]
[SourceTitle "playchess.com"]
[Source "ChessBase"]
[SourceQuality "1"]
[TimeControl "40/5400+30:1800+30"]

1. e4 {[%emt 0:00:00]} c5 {[%emt 0:05:53]} 2. Nf3 {[%emt 0:00:00]} e6 {[%emt 0:00:27]} 3. d4 {[%emt 0:00:00]} cxd4 {[%emt 0:00:08]} 4. Nxd4 {[%emt 0:00:05]} Nf6 {[%emt 0:00:10]} 5. Nc3 {[%emt 0:00:07]} d6 {[%emt 0:00:07]} 6. Be2 {[%emt 0:00:40]} a6 {[%emt 0:00:26]} 7. O-O {[%emt 0:00:49]} Qc7 {[%emt 0:02:15]} 8. f4 {[%emt 0:00:36]} b5 {[%emt 0:02:05]} 9. a3 {[%emt 0:00:50]} Bb7 {[%emt 0:00:39]} 10. Bf3 {[%emt 0:01:17]} Nbd7 {[%emt 0:02:35]} 11. Kh1 {[%emt 0:02:07]} Be7 {[%emt 0:20:56]} 12. e5 dxe5 {[%emt 0:05:34]} 13. fxe5 {[%emt 0:15:06]} Nxe5 {[%emt 0:00:07]} 14. Bf4 {[%emt 0:00:18]} Bxf3 {[%emt 0:11:46]} 15. Rxf3 {[%emt 0:20:57]} Bc5 {[%emt 0:08:07]} 16. Ndxb5 {[%emt 0:24:22]} axb5 {[%emt 0:00:30]} 17. Nxb5 {[%emt 0:00:01]} Qc6 {[%emt 0:11:48]} 18. Bxe5 {[%emt 0:03:13]} Qxb5 {[%emt 0:00:08]} 19. c4 {[%emt 0:02:37]} Qd7 {[%emt 0:08:21]} 20. Qe2 {[%emt 0:01:48]} Be7 {[%emt 0:08:00]} 21. Raf1 {[%emt 0:01:29]} O-O {[%emt 0:00:16]} 22. Rxf6 {[%emt 0:01:45]} gxf6 {[%emt 0:09:12]} 23. Qg4+ {[%emt 0:00:53]} Kh8 {[%emt 0:00:00]} 24. Rxf6 {[%emt 0:00:14]} Bd6 {[%emt 0:00:18]} 25. Bc3 {[%emt 0:00:52]} Qc7 {[%emt 0:00:17]} 26. Qg5 {[%emt 0:09:11]} e5 {[%emt 0:01:33]} 27. Qf5 {[%emt 0:04:48]} Rae8 {[%emt 0:01:17]} 28. h4 {[%emt 0:01:17]} Re6 {[%emt 0:00:33]} 29. Rxe6 {[%emt 0:01:29]} fxe6 {[%emt 0:00:01]} 30. Bxe5+ {[%emt 0:00:14]} Kg8 {[%emt 0:00:44]} 31. Qxe6+ {[%emt 0:01:19]} Qf7 {[%emt 0:00:15]} 32. Qxf7+ {[%emt 0:00:38]} Kxf7 {[%emt 0:00:09]} 33. Bxd6 {[%emt 0:00:06]} Rc8 {[%emt 0:00:58]} 34. b3 {[%emt 0:03:00]} Ke6 {[%emt 0:00:10]} 35. Bf4 {[%emt 0:00:35]} Kf5 {[%emt 0:00:10]} 36. g3 {[%emt 0:00:50]} h5 {[%emt 0:01:33]} 37. Kg2 {[%emt 0:00:13]} Ke4 {[%emt 0:00:01]} 38. a4 {[%emt 0:00:48]} Kd4 {[%emt 0:00:40]} 39. a5 {[%emt 0:00:34]} Kc3 {[%emt 0:00:32]} 40. a6 {[%emt 0:03:43]} Ra8 {[%emt 0:00:40]} 41. Kf3 {[%emt 0:30:49]} Rxa6 {[%emt 0:09:37]} 42. Ke4 {[%emt 0:00:00]} Kxb3 {[%emt 0:03:19]} 43. Kd5 {[%emt 0:00:00]} Kb4 {[%emt 0:05:21]} 44. Bd6+ {[%emt 0:00:00]} Ka5 {[%emt 0:00:59]} 45. Kc5 {[%emt 0:00:00]} Ka4 {[%emt 0:03:34]} 46. Bc7 {[%emt 0:00:00]} Rg6 {[%emt 0:01:31]} 47. Bd6 {[%emt 0:00:00]} Rg4 {[%emt 0:00:06]} 48. Bf4 {[%emt 0:00:00]} Rg6 {[%emt 0:00:04]} 49. Bd6 {[%emt 0:00:00]} Rg4 {[%emt 0:00:07]} 50. Kd5 {[%emt 0:00:00]} Ka5 {[%emt 0:00:04]} 51. c5 {[%emt 0:00:00]} Kb5 {[%emt 0:00:13]} 52. c6 {[%emt 0:00:00]} Kb6 {[%emt 0:00:37]} 53. Be5 {[%emt 0:00:00]} Rg6 {[%emt 0:00:18]} 54. Bd6 {[%emt 0:00:00]} Rg4 {[%emt 0:01:02]} 55. Bc5+ {[%emt 0:00:00]} Kc7 {[%emt 0:00:07]} 56. Bd6+ {[%emt 0:00:00]} 1/2-1/2

[Event "XIV American Continental-ch 2019"]
[Site "Sao Paulo"]
[Date "2019.07.09"]
[Round "6.22"]
[White "Bittencourt, Jorge"]
[Black "Araujo, Sergio Murilo"]
[Result "1/2-1/2"]
[WhiteElo "2433"]
[BlackElo "2090"]
[Annotator "NA"]
[PlyCount "64"]
[EventDate "2019.07.05"]
[EventType "swiss"]
[EventCountry "BRA"]
[SourceTitle "playchess.com"]
[Source "ChessBase"]
[SourceQuality "1"]
[TimeControl "40/5400+30:1800+30"]

1. e4 {[%emt 0:00:00]} d6 {[%emt 0:03:20]} 2. d4 {[%emt 0:00:00]} Nf6 {[%emt 0:00:27]} 3. Nc3 {[%emt 0:00:06]} g6 {[%emt 0:00:04]} 4. Be3 {[%emt 0:01:00]} Bg7 {[%emt 0:00:04]} 5. Qd2 {[%emt 0:00:17]} O-O {[%emt 0:00:49]} 6. O-O-O {[%emt 0:02:27]} c6 {[%emt 0:00:05]} 7. Bh6 {[%emt 0:04:18]} Qc7 {[%emt 0:07:35]} 8. h4 {[%emt 0:06:57]} e5 {[%emt 0:05:01]} 9. Bxg7 {[%emt 0:15:00]} Kxg7 {[%emt 0:00:01]} 10. h5 {[%emt 0:01:34]} b5 {[%emt 0:13:04]} 11. hxg6 {[%emt 0:12:03]} fxg6 {[%emt 0:00:08]} 12. f3 {[%emt 0:02:57]} a6 {[%emt 0:06:07]} 13. Kb1 {[%emt 0:08:29]} Qe7 {[%emt 0:06:09]} 14. g4 {[%emt 0:05:34]} Re8 {[%emt 0:08:33]} 15. Nge2 {[%emt 0:08:39]} Nbd7 {[%emt 0:02:21]} 16. Ng3 {[%emt 0:00:40]} Nf8 {[%emt 0:00:11]} 17. d5 {[%emt 0:05:24]} c5 {[%emt 0:00:51]} 18. b3 {[%emt 0:02:03]} Ra7 {[%emt 0:00:53]} 19. Kb2 {[%emt 0:00:12]} Ng8 {[%emt 0:00:23]} 20. a4 {[%emt 0:00:44]} b4 {[%emt 0:00:20]} 21. Nb1 {[%emt 0:00:11]} Qf6 {[%emt 0:01:32]} 22. Qg2 {[%emt 0:01:33]} Kh8 {[%emt 0:00:57]} 23. Nd2 {[%emt 0:00:10]} Rf7 {[%emt 0:00:51]} 24. Be2 {[%emt 0:00:23]} Qd8 {[%emt 0:04:20]} 25. Ngf1 {[%emt 0:00:37]} Nd7 {[%emt 0:05:05]} 26. g5 {[%emt 0:03:50]} Ref8 {[%emt 0:01:23]} 27. Ne3 {[%emt 0:00:08]} Qc7 {[%emt 0:00:46]} 28. Qg3 {[%emt 0:01:08]} Qd8 {[%emt 0:01:33]} 29. Bf1 {[%emt 0:01:43]} Nb6 {[%emt 0:02:46]} 30. a5 {[%emt 0:03:51]} Na8 {[%emt 0:00:29]} 31. Nec4 {[%emt 0:01:00]} Nc7 32. Ne3 Na8 1/2-1/2

[Event "XIV American Continental-ch 2019"]
[Site "Sao Paulo"]
[Date "2019.07.09"]
[Round "6.23"]
[White "Terao, Juliana Sayumi"]
[Black "Proudian, Armen"]
[Result "0-1"]
[WhiteElo "2213"]
[BlackElo "2429"]
[Annotator "NA"]
[PlyCount "86"]
[EventDate "2019.07.05"]
[EventType "swiss"]
[EventCountry "BRA"]
[SourceTitle "playchess.com"]
[Source "ChessBase"]
[SourceQuality "1"]
[TimeControl "40/5400+30:1800+30"]

1. e4 {[%emt 0:00:00]} e5 {[%emt 0:01:54]} 2. Nf3 {[%emt 0:00:00]} Nc6 {[%emt 0:01:10]} 3. d4 {[%emt 0:00:03]} exd4 {[%emt 0:00:38]} 4. Nxd4 {[%emt 0:00:07]} Bc5 {[%emt 0:00:52]} 5. Nb3 {[%emt 0:00:21]} Bb4+ {[%emt 0:03:23]} 6. c3 {[%emt 0:00:19]} Be7 {[%emt 0:00:22]} 7. g3 {[%emt 0:01:08]} Nf6 {[%emt 0:02:00]} 8. Bg2 {[%emt 0:00:09]} d6 {[%emt 0:01:08]} 9. O-O {[%emt 0:01:08]} O-O {[%emt 0:06:28]} 10. Qe2 {[%emt 0:02:05]} Re8 {[%emt 0:01:56]} 11. Rd1 {[%emt 0:07:40]} Bf8 {[%emt 0:09:38]} 12. Qc2 {[%emt 0:14:25]} Qe7 {[%emt 0:06:25]} 13. N1d2 {[%emt 0:00:44]} Bg4 {[%emt 0:01:15]} 14. f3 {[%emt 0:02:07]} Bh5 {[%emt 0:03:57]} 15. Nc4 {[%emt 0:09:10]} Rad8 {[%emt 0:12:05]} 16. Ne3 {[%emt 0:07:53]} Bg6 {[%emt 0:05:25]} 17. Qf2 {[%emt 0:02:16]} Ne5 {[%emt 0:04:44]} 18. Qf1 {[%emt 0:13:47]} h6 {[%emt 0:01:55]} 19. Bd2 {[%emt 0:10:31]} c6 {[%emt 0:05:12]} 20. c4 {[%emt 0:02:32]} d5 {[%emt 0:01:47]} 21. cxd5 {[%emt 0:00:18]} cxd5 {[%emt 0:00:07]} 22. f4 {[%emt 0:02:51]} Nc4 {[%emt 0:01:34]} 23. Nxd5 {[%emt 0:04:56]} Nxd5 {[%emt 0:00:35]} 24. exd5 {[%emt 0:00:46]} Nxb2 {[%emt 0:00:52]} 25. Re1 {[%emt 0:00:31]} Qf6 {[%emt 0:00:37]} 26. Qb5 {[%emt 0:01:11]} Rxe1+ {[%emt 0:03:03]} 27. Rxe1 {[%emt 0:00:05]} Nd3 {[%emt 0:00:48]} 28. Re3 {[%emt 0:01:13]} a6 {[%emt 0:07:51]} 29. Qxb7 {[%emt 0:00:16]} Qb2 {[%emt 0:00:52]} 30. Bf1 {[%emt 0:03:38]} Nc5 {[%emt 0:01:26]} 31. Qc7 {[%emt 0:03:01]} Rxd5 {[%emt 0:01:38]} 32. Re8 {[%emt 0:02:00]} Ne6 {[%emt 0:00:35]} 33. Qc3 {[%emt 0:01:37]} Qxa2 {[%emt 0:00:38]} 34. Bc4 {[%emt 0:00:41]} Rd8 {[%emt 0:02:48]} 35. Rxd8 {[%emt 0:01:48]} Nxd8 {[%emt 0:00:06]} 36. Qa5 {[%emt 0:00:44]} Qb1+ {[%emt 0:00:38]} 37. Kf2 {[%emt 0:00:19]} Nb7 {[%emt 0:00:35]} 38. Qd5 {[%emt 0:02:14]} Nd6 {[%emt 0:00:44]} 39. Bxa6 {[%emt 0:01:03]} Be4 {[%emt 0:01:15]} 40. Qd4 {[%emt 0:02:22]} Qxb3 {[%emt 0:00:17]} 41. Be2 {[%emt 0:30:17]} Bb7 {[%emt 0:30:53]} 42. Bd3 {[%emt 0:00:40]} Qa2 {[%emt 0:04:15]} 43. Ke2 {[%emt 0:01:59]} Ba6 0-1

[Event "XIV American Continental-ch 2019"]
[Site "Sao Paulo"]
[Date "2019.07.09"]
[Round "6.24"]
[White "Almiron, Antonio"]
[Black "Urquiza, Marcello de Albuquer"]
[Result "1-0"]
[WhiteElo "2402"]
[BlackElo "2043"]
[Annotator "NA"]
[PlyCount "75"]
[EventDate "2019.07.05"]
[EventType "swiss"]
[EventCountry "BRA"]
[SourceTitle "playchess.com"]
[Source "ChessBase"]
[SourceQuality "1"]
[TimeControl "40/5400+30:1800+30"]

1. e4 {[%emt 0:00:00]} c5 {[%emt 0:00:00]} 2. Nf3 {[%emt 0:00:00]} e6 {[%emt 0:00:32]} 3. d4 {[%emt 0:00:00]} cxd4 {[%emt 0:00:16]} 4. Nxd4 {[%emt 0:00:00]} a6 {[%emt 0:00:07]} 5. c4 {[%emt 0:00:01]} Nf6 {[%emt 0:02:04]} 6. Nc3 {[%emt 0:00:06]} Qc7 {[%emt 0:01:06]} 7. a3 {[%emt 0:00:08]} Be7 {[%emt 0:03:06]} 8. Be3 {[%emt 0:00:17]} d6 {[%emt 0:02:30]} 9. Be2 {[%emt 0:00:08]} Nbd7 {[%emt 0:00:32]} 10. O-O {[%emt 0:00:08]} b6 {[%emt 0:00:09]} 11. Qd2 {[%emt 0:00:12]} Bb7 {[%emt 0:00:06]} 12. f3 {[%emt 0:00:05]} O-O {[%emt 0:00:41]} 13. Rfc1 {[%emt 0:00:05]} Rac8 {[%emt 0:09:57]} 14. a4 {[%emt 0:00:42]} Qb8 {[%emt 0:03:50]} 15. Kh1 {[%emt 0:15:09]} Bd8 {[%emt 0:11:04]} 16. Bg1 {[%emt 0:07:07]} Bc7 {[%emt 0:01:34]} 17. Rc2 {[%emt 0:02:10]} Rfd8 {[%emt 0:04:05]} 18. b4 {[%emt 0:04:18]} Qa8 {[%emt 0:00:27]} 19. Qc1 {[%emt 0:01:14]} Bb8 {[%emt 0:00:10]} 20. a5 {[%emt 0:03:25]} bxa5 {[%emt 0:13:30]} 21. Rxa5 {[%emt 0:00:11]} Bc7 {[%emt 0:00:07]} 22. Ra1 {[%emt 0:01:56]} Qb8 {[%emt 0:00:41]} 23. Na4 {[%emt 0:00:12]} a5 {[%emt 0:26:23]} 24. c5 {[%emt 0:04:01]} dxc5 {[%emt 0:02:29]} 25. bxc5 {[%emt 0:00:02]} Bf4 {[%emt 0:00:19]} 26. Qb1 {[%emt 0:00:09]} Bc6 {[%emt 0:05:40]} 27. Qxb8 {[%emt 0:08:07]} Nxb8 {[%emt 0:00:09]} 28. Nb6 {[%emt 0:00:14]} Rc7 {[%emt 0:00:26]} 29. Rxa5 {[%emt 0:00:24]} Be5 {[%emt 0:03:49]} 30. Nb3 {[%emt 0:03:00]} Rb7 {[%emt 0:00:31]} 31. Raa2 {[%emt 0:01:17]} Nfd7 {[%emt 0:01:23]} 32. Na5 {[%emt 0:00:31]} Ra7 {[%emt 0:01:34]} 33. Nxc6 {[%emt 0:00:21]} Rxa2 {[%emt 0:00:33]} 34. Rxa2 {[%emt 0:00:04]} Nxc6 {[%emt 0:00:11]} 35. Nxd7 {[%emt 0:09:34]} Rxd7 {[%emt 0:00:06]} 36. Bb5 {[%emt 0:00:03]} Ra7 {[%emt 0:02:06]} 37. Rd2 {[%emt 0:00:02]} Nd4 {[%emt 0:00:57]} 38. Rxd4 1-0

[Event "XIV American Continental-ch 2019"]
[Site "Sao Paulo"]
[Date "2019.07.09"]
[Round "7.1"]
[White "Pichot, Alan"]
[Black "Perez Ponsa, Federico"]
[Result "1/2-1/2"]
[WhiteElo "2579"]
[BlackElo "2560"]
[Annotator "ChessBase"]
[PlyCount "83"]
[EventDate "2019.07.05"]
[EventType "swiss"]
[EventCountry "BRA"]
[SourceTitle "playchess.com"]
[Source "ChessBase"]
[SourceQuality "1"]
[TimeControl "40/5400+30:1800+30"]

1. e4 {[%emt 0:00:00]} e5 {[%emt 0:00:20]} 2. Nf3 {[%emt 0:00:00]} Nc6 {[%emt 0:00:08]} 3. Bb5 {[%emt 0:00:06]} a6 {[%emt 0:00:20]} 4. Ba4 {[%emt 0:00:06]} Nf6 {[%emt 0:00:06]} 5. O-O {[%emt 0:00:19]} Be7 {[%emt 0:01:16]} 6. Re1 {[%emt 0:00:18]} b5 {[%emt 0:00:39]} 7. Bb3 {[%emt 0:00:06]} O-O {[%emt 0:00:07]} 8. a4 {[%emt 0:01:17]} b4 {[%emt 0:00:27]} 9. a5 {[%emt 0:02:26]} d6 {[%emt 0:03:12]} 10. d3 {[%emt 0:00:46]} Be6 {[%emt 0:02:50]} 11. Bxe6 {[%emt 0:01:26]} fxe6 {[%emt 0:00:03]} 12. c3 {[%emt 0:00:13]} Rb8 {[%emt 0:04:39]} 13. Nbd2 {[%emt 0:07:30]} Nd7 {[%emt 0:11:59]} 14. d4 {[%emt 0:01:47]} bxc3 15. bxc3 {[%emt 0:02:49]} Qc8 {[%emt 0:16:41]} 16. Nc4 {[%emt 0:14:24]} Rb5 {[%emt 0:00:30]} 17. dxe5 {[%emt 0:00:30]} Ndxe5 {[%emt 0:07:41]} 18. Ncxe5 {[%emt 0:04:39]} dxe5 {[%emt 0:04:23]} 19. c4 {[%emt 0:01:47]} Rb8 {[%emt 0:02:14]} 20. Bd2 {[%emt 0:15:25]} Qe8 {[%emt 0:07:52]} 21. Bc3 {[%emt 0:00:07]} Bc5 {[%emt 0:01:02]} 22. Ra2 {[%emt 0:03:16]} Rd8 {[%emt 0:04:23]} 23. Rd2 {[%emt 0:03:02]} Rxd2 {[%emt 0:02:22]} 24. Qxd2 {[%emt 0:00:06]} Qe7 {[%emt 0:00:08]} 25. Rd1 {[%emt 0:06:09]} Rd8 {[%emt 0:01:58]} 26. Qe1 {[%emt 0:00:26]} Rxd1 {[%emt 0:03:28]} 27. Qxd1 {[%emt 0:00:05]} Bd4 {[%emt 0:00:16]} 28. Qa4 {[%emt 0:07:55]} Qd6 {[%emt 0:03:32]} 29. Be1 {[%emt 0:00:43]} h6 {[%emt 0:01:29]} 30. h4 {[%emt 0:01:48]} Bc5 {[%emt 0:01:44]} 31. Bc3 {[%emt 0:03:22]} Bd4 {[%emt 0:01:09]} 32. Bd2 {[%emt 0:07:29]} Bc5 {[%emt 0:01:07]} 33. h5 {[%emt 0:00:51]} Kh7 {[%emt 0:00:48]} 34. Bc3 {[%emt 0:01:06]} Bd4 {[%emt 0:00:54]} 35. Be1 {[%emt 0:00:12]} Bc5 {[%emt 0:00:23]} 36. Nh4 {[%emt 0:01:20]} Ne7 {[%emt 0:02:00]} 37. Qc2 {[%emt 0:12:56]} Ng8 {[%emt 0:06:51]} 38. Bc3 {[%emt 0:01:08]} Nf6 {[%emt 0:00:16]} 39. Qe2 {[%emt 0:00:07]} Bd4 {[%emt 0:02:28]} 40. Bxd4 Qxd4 41. Nf3 Qa1+ 42. Kh2 1/2-1/2

[Event "XIV American Continental-ch 2019"]
[Site "Sao Paulo"]
[Date "2019.07.10"]
[Round "7.2"]
[White "Iturrizaga Bonelli, Eduardo"]
[Black "Salinas Herrera, Pablo"]
[Result "1-0"]
[WhiteElo "2625"]
[BlackElo "2498"]
[Annotator "RC"]
[PlyCount "69"]
[EventDate "2019.07.05"]
[EventType "swiss"]
[EventCountry "BRA"]
[SourceTitle "playchess.com"]
[Source "ChessBase"]
[SourceQuality "1"]
[TimeControl "40/5400+30:1800+30"]

1. c4 {[%emt 0:06:37]} c6 {[%emt 0:00:00]} 2. Nf3 {[%emt 0:02:41]} Nf6 {[%emt 0:00:00]} 3. Nc3 {[%emt 0:05:59]} d5 {[%emt 0:00:03]} 4. d4 {[%emt 0:00:21]} e6 {[%emt 0:00:06]} 5. e3 {[%emt 0:01:33]} Nbd7 {[%emt 0:00:07]} 6. Qc2 {[%emt 0:00:06]} Bd6 {[%emt 0:00:05]} 7. Bd3 {[%emt 0:05:56]} O-O {[%emt 0:00:16]} 8. O-O {[%emt 0:00:05]} dxc4 {[%emt 0:00:02]} 9. Bxc4 {[%emt 0:00:05]} e5 {[%emt 0:01:21]} 10. h3 {[%emt 0:05:03]} h6 {[%emt 0:05:02]} 11. a3 {[%emt 0:11:01]} Qc7 {[%emt 0:22:28]} 12. Ba2 {[%emt 0:04:43]} Re8 {[%emt 0:04:10]} 13. dxe5 {[%emt 0:05:05]} Nxe5 {[%emt 0:00:09]} 14. Nd4 {[%emt 0:00:03]} Kh8 {[%emt 0:08:47]} 15. Bd2 {[%emt 0:15:05]} Ng6 {[%emt 0:08:23]} 16. Rad1 {[%emt 0:16:02]} Nh4 {[%emt 0:06:51]} 17. Bc1 {[%emt 0:03:11]} a6 {[%emt 0:15:24]} 18. f4 {[%emt 0:06:00]} Ng6 {[%emt 0:14:58]} 19. Kh1 {[%emt 0:02:02]} Nh5 {[%emt 0:01:58]} 20. Kh2 {[%emt 0:01:16]} Bf8 {[%emt 0:04:36]} 21. Nd5 {[%emt 0:01:00]} Qd8 {[%emt 0:00:55]} 22. Nb6 {[%emt 0:00:05]} Qxb6 {[%emt 0:03:03]} 23. Bxf7 {[%emt 0:00:05]} Re7 {[%emt 0:00:48]} 24. Bxg6 {[%emt 0:01:17]} Nf6 {[%emt 0:00:04]} 25. e4 {[%emt 0:02:01]} c5 {[%emt 0:00:09]} 26. Nf5 {[%emt 0:00:11]} Rxe4 {[%emt 0:01:49]} 27. Nxh6 {[%emt 0:01:18]} Re7 {[%emt 0:00:37]} 28. Nf7+ {[%emt 0:00:24]} Kg8 {[%emt 0:00:42]} 29. Ng5 {[%emt 0:00:50]} Kh8 {[%emt 0:00:30]} 30. Rfe1 {[%emt 0:00:52]} Be6 {[%emt 0:00:27]} 31. Qf2 {[%emt 0:00:42]} Bb3 {[%emt 0:00:51]} 32. Rxe7 {[%emt 0:01:16]} Bxe7 {[%emt 0:00:15]} 33. Qh4+ {[%emt 0:00:35]} Kg8 {[%emt 0:00:06]} 34. Rd7 {[%emt 0:00:44]} Bd6 {[%emt 0:01:23]} 35. Nf7 {[%emt 0:00:17]} 1-0